<?xml version="1.0" encoding="UTF-8"?>
<collection xmlns="http://www.loc.gov/MARC21/slim">
 <record>
  <leader>00671nam a22002055a 4500</leader>
  <controlfield tag="001">EHU.bham045377</controlfield>
  <controlfield tag="003">AR-BHAM</controlfield>
  <controlfield tag="005">20180917094659.0</controlfield>
  <controlfield tag="008">130507s2011##################000#0#####d</controlfield>
  <datafield tag="020" ind1=" " ind2=" ">
   <subfield code="a">9789872646820</subfield>
  </datafield>
  <datafield tag="082" ind1="8" ind2="0">
   <subfield code="a">801.95</subfield>
  </datafield>
  <datafield tag="100" ind1="1" ind2=" ">
   <subfield code="a">Crespi, Maximiliano</subfield>
  </datafield>
  <datafield tag="245" ind1="1" ind2="0">
   <subfield code="a">La conspiración de las formas :</subfield>
   <subfield code="b">apuntes sobre el jeroglífico literario /</subfield>
   <subfield code="c">Maximiliano Crespi</subfield>
  </datafield>
  <datafield tag="260" ind1=" " ind2=" ">
   <subfield code="a">La Plata :</subfield>
   <subfield code="b">Unipe,</subfield>
   <subfield code="c">2011</subfield>
  </datafield>
  <datafield tag="300" ind1=" " ind2=" ">
   <subfield code="a">208 p.</subfield>
  </datafield>
  <datafield tag="653" ind1=" " ind2=" ">
   <subfield code="a">Crítica literaria</subfield>
  </datafield>
  <datafield tag="653" ind1=" " ind2=" ">
   <subfield code="a">Literatura-introducción a la</subfield>
  </datafield>
  <datafield tag="653" ind1=" " ind2=" ">
   <subfield code="a">Literatura y política</subfield>
  </datafield>
  <datafield tag="653" ind1=" " ind2=" ">
   <subfield code="a">Revistas literarias-estudios sobre</subfield>
  </datafield>
  <datafield tag="859" ind1=" " ind2=" ">
   <subfield code="a">AR-BHAM</subfield>
   <subfield code="b">BIB. HUMANIDADES - General</subfield>
   <subfield code="h">801.95</subfield>
   <subfield code="i">C864</subfield>
   <subfield code="p">203.18</subfield>
   <subfield code="t">Ej.1</subfield>
  </datafield>
 </record>
</collection>
